| 000 | 00836cab a2200229 4500 | ||
|---|---|---|---|
| 001 | ABS39532 | ||
| 008 | 090401t1988 xxu||||| |||| 00| 0 eng d | ||
| 035 | _a(Sirsi) u17340 | ||
| 041 | _aeng | ||
| 100 | _aBrimacombe, M. | ||
| 245 | _aPrivate enterprise docks at Hull | ||
| 260 | _c1988 | ||
| 350 | _a0 | ||
| 490 |
_aSurveyor (PWW) _v170(5004) 21 July 1988, 14-16(3) |
||
| 520 | _aReports on the setting up of a joint venture by Hull City Council and Bell way Urban Renewal Ltd . The Victoria Dock Company , 40% council owned and 60% the property of Bellway, plans to reclaim over 150 acres of derelict land in the Hull docklands for housing development . | ||
| 650 | _aLOCAL AUTHORITIES | ||
| 650 | _aPARTNERSHIPS | ||
| 650 | _aPRIVATE SECTOR | ||
| 690 | _aPLANNING LAW AND PRACTICE | ||
| 942 | _n0 | ||
| 948 | _c04/03/1997 | ||
| 999 |
_c11501 _d11501 |
||